Central Library OPAC University of Rajshahi

গোপাল হালদার রচনাসমগ্র / (Record no. 41410)

MARC details
000 -LEADER
fixed length control field 01098nam a2200253 a 4500
001 - CONTROL NUMBER
control field 41410
003 - CONTROL NUMBER IDENTIFIER
rucl marc code BD-RjUL
005 - DATE AND TIME OF LATEST TRANSACTION
control field 20211209053401.0
008 - FIXED-LENGTH DATA ELEMENTS--GENERAL INFORMATION
fixed length control field 160530s1993 ii ||||| |||| 00| 0 ben d
020 ## - INTERNATIONAL STANDARD BOOK NUMBER
Terms of availability : Tk.100
035 ## - SYSTEM CONTROL NUMBER
System control number (BD-RjUL)41527
040 ## - CATALOGING SOURCE
Original cataloging agency BD-RjUL
Language of cataloging ben
Transcribing agency BD-RjUL
041 ## - LANGUAGE CODE
Language code of text/sound track or separate title ben
082 ## - DEWEY DECIMAL CLASSIFICATION NUMBER
Edition number 23
Classification number 891.4408
Author mark and year HAG 1993
100 ## - MAIN ENTRY--PERSONAL NAME
Personal name হালদার, গোপাল
9 (RLIN) 118374
245 10 - TITLE STATEMENT
Title গোপাল হালদার রচনাসমগ্র /
Statement of responsibility, etc. গোপাল হালদার
250 ## - EDITION STATEMENT
Edition statement ১ম এ মুখার্জী (যুগ্ম) সং.
260 ## - PUBLICATION, DISTRIBUTION, ETC. (IMPRINT)
Place of publication, distribution, etc. কলিকাতা :
Name of publisher, distributor, etc. এ মুখার্জী এ্যান্ড কোং প্রাইভেট লিমিটেড ,
Date of publication, distribution, etc. ১৯৯৩
300 ## - PHYSICAL DESCRIPTION
Pagination খন্ড ;
Size ২১ সেমি.
505 ## - FORMATTED CONTENTS NOTE
Formatted contents note খণ্ড ১ : (বাংলা সাহিত্যের রূপরেখা) ; খণ্ড ২ --
650 ## - SUBJECT ADDED ENTRY--TOPICAL TERM
Topical term or geographic name as entry element বাংলা সাহিত্য
General subdivision রচনাবলী
9 (RLIN) 129397
Topical term or geographic name as entry element Bengali Literature
General subdivision Collected Works
9 (RLIN) 118004
942 ## - ADDED ENTRY ELEMENTS (KOHA)
Source of classification or shelving scheme Dewey Decimal Classification
Koha item type Books
Holdings
Lost status Source of classification or shelving scheme Damaged status Not for loan Collection code Permanent Location Current Location Shelving location Date acquired Source of acquisition Cost, normal purchase price Total Checkouts Total Renewals Full call number Date last seen Date checked out Copy number Koha item type
  Dewey Decimal Classification     Non-fiction Central Library, University of Rajshahi Central Library, University of Rajshahi   09/03/2008 Praragon enterprise,Dhaka 250.00 4   B 891.4408 HAG V-2 1993 15/12/2021 15/12/2021 C-2 Books
  Dewey Decimal Classification     Non-fiction Central Library, University of Rajshahi Central Library, University of Rajshahi   09/03/2008 Praragon enterprise,Dhaka 250.00 4   B 891.4408 HAG V-1 1993 15/12/2021 15/12/2021 C-2 Books
  Dewey Decimal Classification     Non-fiction Central Library, University of Rajshahi Central Library, University of Rajshahi   09/03/2008 Paragon Enterprise Lit., Dhaka 250.00     B 891.4408 HAG V-1 1993 14/07/2016   C-3 Books
  Dewey Decimal Classification     Non-fiction Central Library, University of Rajshahi Central Library, University of Rajshahi   09/03/2008 Paragon Enterprise Lit., Dhaka 250.00     B 891.4408 HAG V-1 1993 14/07/2016   C-4 Books
  Dewey Decimal Classification     Non-fiction Central Library, University of Rajshahi Central Library, University of Rajshahi   09/03/2008 Paragon Enterprise Lit., Dhaka 250.00 3   B 891.4408 HAG V-2 1993 15/12/2021 15/12/2021 C-3 Books
  Dewey Decimal Classification     Non-fiction Central Library, University of Rajshahi Central Library, University of Rajshahi   10/03/2008 Paragon Enterprises Dhaka 250.00     B 891.4408 HAG V-1 2000 20/09/2016   C-5 Books
  Dewey Decimal Classification   Not For Loan Non-fiction Central Library, University of Rajshahi Central Library, University of Rajshahi Reading Room 22/01/1997 Dhaka, Aunkur Prakashani 100.00     B 891.4408 HAG V-2 1993 08/03/2017   C-1 Books